000 00393nam a2200157 4500
001 126706
003 ES-MaACL
005 20230906192850.0
007 t|
008 070214s1932 mx r ||||1| spa d
245 0 0 _aResumen agrícola.
260 _aMéxico :
_b[s. n.],
_c1932.
300 _a405 p. ;
_c27 cm.
500 _aEjemplar hecho con multicopista.
852 _aES-MaACL
_j1823-F-12
999 _c126706
_d126706